Segunda Guerra Mundial - Statistics

Estatísticas Gerais
  • Esse quiz foi jogado 182 vezes
  • A pontuação média é 11 de 15
Estatísticas das Respostas
Questão Resposta % Correto
Como Adolf Hitler morreu? Se suicidou com cianeto e um tiro na cabeça
88%
Qual era os países que faziam parte da aliança conhecida como eixo? Alemanha, Itália e Japão
87%
Quem era presidente do Brasil durante segunda guerra mundial? Getúlio Vargas
87%
Em que ano começou e acabou a segunda guerra mundial? 1939 a 1945
85%
Qual país foi dividido em dois após a guerra? Alemanha
85%
Quem era o Primeiro Ministro do Reino unido durante a guerra? Winston Churchill
84%
Qual o nome das bombas lançadas em hiroshima e Nagazaki Little Boy e Fat Man
81%
Qual era o método de invasão dos Nazistas? Blitzkrieg (guerra relâmpago)
78%
Qual o primeiro país invadido na segunda guerra? Polônia
78%
Qual foi a batalha mais sangrenta da segunda guerra mundial? Batalha de Stalingrado
70%
Qual país Adolf Hitler anexou antes da segunda guerra mundial? Áustria
60%
Quem era o presidente dos Estados unidos no inicio e ao fim da segunda guerra mundial? Franklin D. Roosevelt e Harry S. Truman
59%
Qual foi o acordo feito entre Alemanha e URSS em 1939? Pacto Molotov-Ribbentrop
59%
Em quanto tempo a Alemanha invadiu e dominou a França? Menos de seis semanas
40%
Em que dia morreu Benito Mussolini e Adolf Hitler respectivamente? 28/04/1945 e 30/04/1945
25%
Nenhum quiz correspondente encontrado
Distribuição das Pontuações
Porcentagem de Pessoas com Cada Pontuação
Percentil de Números Respondidos
Sua Pontuação Histórica
Você não jogou esse quiz